00442nam a2200181Ia 4500003000400000005001700004008004100021020002100062040000700083041000800090082001900098100001700117245003700134260003600171300001600207365001300223650002400236OSt20230614093520.0210423s2014 xx 000 0 und d a978-93259-7602-3 cAL aeng a332 223bGOPM aGOPAL (Rama) aManagement of financial services aNoidabVikas Publicationsc2014 axxi,569bPB b375cINR aFinancial Economics